000 01846 a2200217 4500
001 22361
005 20260407155513.0
008 260407a1968 arg spa d
003 AR-UNSa-BCEJYS
040 _aAR-UNSa-BCEJYS
_bspa
_cAR-UNSa-BCEJYS
080 _a658:631.1
_xAdministración de empresas agropecuarias(maquinarias, etc.)
245 1 0 _aAdministración de empresas agropecuarias
_pel proceso de toma de decisiones
264 1 _aBuenos Aires :
_bEl Ateneo
_c1968
300 _a332 p.
_c23 cm.
505 _aParte I: 1. El proceso de toma de decisiones - 2. La ocupación de la empresa agropecuaria - Parte II: 3. Principios económicos y administración agropecuaria - 4. Registros agropecuarios: su propósito y su descripción - 5. El balance patrimonial y el de resultados - 6. El análisis integral de los registros - 7. El presupuesto de la empresa agrícola - 8. Los riesgos y la inseguridad en la agricultura - Parte III: Adquisición y los factores de producción - 9. La adquisición del capital - 10. Adquisición de la tierra - 11. Dimensión del predio - 12. La selección y la combinación de actividades - Parte IV: 13. La adquisición de la producción agrícola - 14. Administración de la tierra y el agua - 15. La administración de la tierra ganadera - 16. Administración de la mano de obra - 17. Administración de la maquinaria - 18. Edificios agropecuarios y disposición en la empresa agropecuaria - 19. Administración de impuestos a los réditos - Parte V: 20. La adaptación del cambio sobre la organización y la administración agropecuarias.
942 _cBK
590 _aniveau_biblio:m niveau_hierar:0
100 1 _aCastle, Emery N.
700 1 _aBecker, Manning H.
856 4 1 _uhttps://biblioeco.unsa.edu.ar/pmb/images/libros/administracion de empresas agropecuarias.jpg
_yImagen de portada
_qimage/jpeg
999 _c981
_d981